00835cam a22002773a 45000010008000000030009000080050017000170070008000340080039000420100006000810200014000870400025001011000027001262400024001532450093001772500016002702600068002863000026003544900023003805000044004035210026004476000009004737000024004827000028005068300023005340000802DO-SdBNP20180207132516.00000802861112 1998 ck a 000 0 spa d a  a958240013 aBPMSUcspadBPMSUd 1 aDahl, Roaldd1916-19901 aFantastic Mr. Fox /13aEl superzorro /cRoald Dahl ; ilustraciones Horacio Elena ; traducción Ramón Buckley a8a. reimpr. aSantafé de Bogota, Colombia :bAlfaguara,bSantillana,c1998. a153 p. :bil.c20 cm.0 aAlfaguara juvenil  aIncluye datos biográficos del autor.  aA partir de 8 años.00a x 12aElena, Horacioeil.12aBuckley, Ramónetrad. 0aAlfaguara juvenil